000 00625nam a2200217 a 4500
999 _c2912
_d2912
001 2912
003 BD-JhCC
005 20171108113536.0
008 171108s1382 bg |||| ||a| 000 0 ben d
035 _a(BD-JhCC)2912
040 _aBD-JhCC
_dBD-JhCC
041 _aben
082 _a891.443
_bCHO 1382
100 _aচৌধুরী, এহসান
245 _aফেরারী দিন /
_cএহসান চৌধুরী
260 _aঢাকা :
_bনওরোজ কিতাবিস্তান,
_c1382.
300 _a154 p. :
_c21 cm.
650 _aBengali Novel
942 _2ddc
_cBK